000 00299nam a2200121Ia 4500
008 211105s9999 xx 000 0 und d
020 _aVYASA07302
100 _aPathak Akhileshwar
245 0 _aLegal Aspects Of Business
250 _a3rd
260 _bTata McGraw-Hill Companies
_c\N
300 _a573
999 _c11749
_d11749